| 000 | 01168nam a22002175i 4500 | ||
|---|---|---|---|
| 001 | 154748 | ||
| 003 | ES-MaACL | ||
| 005 | 20250826044909.0 | ||
| 008 | 040826s1870 xxk |||| | eng d | ||
| 040 |
_aCAM _bspa _cCAM |
||
| 110 | 1 |
_aGran Bretaña. _bParliament. _bHouse of Commons. _9134418 |
|
| 245 | 1 | 0 |
_aForeign customs tariffs _b: return to an order of the... The House Commons dated 11 february 1870 for return "of the lowest and highest rates of import duty levied by the tariff of each Country in Europe and of the United Estates upon some of the principal articles of merchandise, in each of the years 1860 and 1870... / _cordered by The House of Commons to be printed, 31 may 1870. |
| 260 |
_a[S.l. : _bs.n., _cs.a.] |
||
| 300 |
_a29 p. ; _c25 cm. |
||
| 594 | _aTít. de la cub.: Return relating to Foreign Customs Tariffs. | ||
| 594 | _aEn port. consta Mr Shaw Lefevre. | ||
| 650 | 0 | 0 |
_aImpuestos- _xDerecho y legislación- _zReino Unido _9222281 |
| 740 | 0 | 1 | _aReturn relating to foreign customs tariffs. |
| 852 |
_aES-MaACL _jT-1283-F _z-- Enc. hol., conservando la cub. original _z-- Enc. en un vol. facticio |
||
| 999 |
_c154748 _d154748 |
||